Espainolak eta Euskaldunak / (Record no. 11096)

MARC details
000 -LEADER
campo de control de longitud fija 00626nam a22002295i 4500
001 - NÚMERO DE CONTROL
campo de control 11096
003 - IDENTIFICADOR DE NÚMERO DE CONTROL
campo de control ES-MaACL
005 - FECHA Y HORA DE LA ÚLTIMA TRANSACCIÓN
campo de control 20230906150027.0
007 - CAMPO FIJO DE DESCRIPCIÓN FÍSICA--INFORMACIÓN GENERAL
campo de control de longitud fija t|
008 - DATOS DE LONGITUD FIJA--INFORMACIÓN GENERAL
campo de control de longitud fija 930517s1992 sp ||||0| baq j
020 ## - NÚMERO INTERNACIONAL ESTÁNDAR DEL LIBRO
Número Internacional Estándar del Libro 84-7917-205-3
040 ## - FUENTE DE CATALOGACIÓN
Centro catalogador/agencia de origen M-BN
Lengua de catalogación spa
Centro/agencia transcriptor M-BN
080 ## - NÚMERO DE LA CLASIFICACIÓN DECIMAL UNIVERSAL
Número de la Clasificación Decimal Universal 930.85(460.15)
100 1# - ENTRADA PRINCIPAL--NOMBRE DE PERSONA
Nombre de persona Azurmendi, Joxe.
9 (RLIN) 24378
245 10 - MENCIÓN DEL TÍTULO
Título Espainolak eta Euskaldunak /
Mención de responsabilidad, etc. Joxe Azurmendi.
250 ## - MENCION DE EDICION
Mención de edición [3. argitaraldia].
260 ## - PUBLICACIÓN, DISTRIBUCIÓN, ETC.
Lugar de publicación, distribución, etc. Donostia :
Nombre del editor, distribuidor, etc. Elkar,
Fecha de publicación, distribución, etc. 1992.
300 ## - DESCRIPCIÓN FÍSICA
Extensión 581 p ;
Dimensiones 19 cm.
500 ## - NOTA GENERAL
Nota general En el lomo: 129.
650 14 - PUNTO DE ACCESO ADICIONAL DE MATERIA--TÉRMINO DE MATERIA
Término de materia o nombre geográfico como elemento de entrada Vascos-
Subdivisión general Civilización.
9 (RLIN) 17742
852 ## - LOCALIZACIÓN
Ubicación ES-MaACL
Número de control de estantería L-18378
Sublocalización o colección R.121885
Holdings
Estatus retirado Estado de pérdida Estado de daño No para préstamo Biblioteca de origen Biblioteca actual Ubicación en estantería Fecha de adquisición Fuente de adquisición Total de préstamos Signatura topográfica completa Código de barras Visto por última vez Precio de reemplazo Tipo de ítem Koha
        Biblioteca del Ateneo de Madrid Biblioteca del Ateneo de Madrid Depósito 2 17/01/2008     L-18378 1011315 23/02/2023 23/02/2023 Libro impreso